01473nam a2200277 i 4500001001000000003000900010005001700019007000300036008003800039020001800077040003000095041000800125082002400133100005200157245006600209264007300275300002800348336002900376337003400405338003100439500007000470505053200540600006001072650003301132650003001165000038006DO-SdBNP20260420090347.0ta130312s 2012 dr 000 e spa d a9789945489125 aDO-SdBNPbspacBNPHUerda aspa 4aRD864.44bB742V2221 aVeloz Maggiolo, Marcio,d1936-2021eautor4aut.10aJuan Bosch :bapuntes sobre su obra /cMarcio Veloz Maggiolo. aSanto Domingo, República Dominicana :bEditorial Santuario,c2012. a133 páginas ;c24 cm. atextobtxt2rdacontent a asin mediación bn2rdamedia avolumen bnc2rdacarrier  aIncluye datos biográficos del autor en la solapa de la cubierta aRecuerdos primordiales 09 -- Juan Bosch : tres obras históricas 13 -- Bolívar y la guerra social 39 -- Bosch y Hostos, el Sembrador 49 -- Simón Bolívar, Biografía para escolares 67 -- Juan Vicente Gómez Camino hacia el poder 75 -- Bosch, cien años 81 -- Juan Bosch : inicios de una narrativa 87 -- Bosch; Chile y la canción del Mapocho 103 -- Juan Bosch, Tabucchi y la canción de las cabezas perdidas 107 -- La Mañosa Arqueología de un mundo imaginario 111 -- Matos Moquete y la dominicanidad de Bosch 12710a Bosch, Juan, d1909-2001xCrítica e interpretación 7aLiteratura dominicana.2LEMB 7aEnsayos dominicanos2LEMB